00667nam a2200121Ia 4500008004100000020001800041100002500059245011100084260002700195650002200222650026000244856004100504171212s9999 xx 000 0 und d a9780833047564 aLarrabee, F. Stephen cLarrabee, F. StephenaTroubled PartnershipbU.S.-Turkish Relations in an Era of Global Geopolitical Change bRAND Corporationc2010 aPolitical Science aUnited States -- Foreign relations -- Turkey; Turkey -- Foreign relations -- United States; National security -- United States; National security -- Turkey; United States -- Military relations -- Turkey; Turkey -- Military relations -- United States; Worl uwww.jstor.org/stable/10.7249/mg899af